Zákon o dani z príjmov s komentárom
Úplné znenie zákona č. 595/2003 Z. z. o dani z príjmov v znení ďalších zákonov aj s praktickými príkladmi a komentárom.
Uložené v:
| Hlavný autor: | |
|---|---|
| Ďalší autori: | , |
| Médium: | Kapitola |
| Jazyk: | Slovak |
| Predmet: | |
| Tagy: |
Žiadne tagy, Buďte prvý, kto otaguje tento záznam!
|
MARC
| LEADER | 00000naa a2200000 4500 | ||
|---|---|---|---|
| 001 | 0240314 | ||
| 005 | 20180219092520.3 | ||
| 041 | 0 | |a slo | |
| 044 | |a SK | ||
| 245 | 1 | 0 | |a Zákon o dani z príjmov s komentárom |c Miroslava Brnová, Michaela Vidová, Mária Murínová |
| 520 | |a Úplné znenie zákona č. 595/2003 Z. z. o dani z príjmov v znení ďalších zákonov aj s praktickými príkladmi a komentárom. | ||
| 610 | 2 | 0 | |a zákony |
| 610 | 2 | 0 | |a legislatíva |
| 610 | 2 | 0 | |a dane z príjmov |
| 610 | 2 | 0 | |a daňovníci |
| 610 | 2 | 0 | |a osoby fyzické |
| 610 | 2 | 0 | |a osoby právnické |
| 610 | 2 | 0 | |a podnikanie |
| 610 | 2 | 0 | |a odpisy daňové |
| 100 | 1 | |a Brnová, Miroslava | |
| 700 | 1 | |a Vidová, Michaela | |
| 700 | 1 | |a Murínová, Mária | |